Statystyki dla Miasta, w których odbyły się finały Ligi Europy

Kliknij tutaj aby rozwiązać quiz!

Ogólne statystyki

  • Ten quiz został rozwiązany 189 razy
    (39 od ostatniego zresetowania)
  • Średni wynik to 44 z 79

Statystyki odpowiedzi

RokMiasto% Poprawnych
1985 (Drugi mecz)Madryt
91%
1986 (Pierwszy mecz)Madryt
91%
1991 (Drugi mecz)Rzym
91%
2015Warszawa
91%
1986 (Drugi mecz)Berlin
88%
1989 (Drugi mecz)Berlin
88%
1999Moskwa
88%
1998Paryż
88%
2012Bukareszt
84%
1984 (Drugi mecz)Londyn
84%
1974 (Pierwszy mecz)Londyn
84%
1972 (Drugi mecz)Londyn
84%
1995 (Drugi mecz)Mediolan
84%
1994 (Drugi mecz)Mediolan
84%
1991 (Pierwszy mecz)Mediolan
84%
1997 (Drugi mecz)Mediolan
84%
1988 (Pierwszy mecz)Barcelona
81%
2023Budapeszt
81%
2007Glasgow
81%
2008Manchester
81%
2009Stambuł
81%
2011Dublin
78%
2024Dublin
78%
1976 (Pierwszy mecz)Liverpool
78%
1973 (Pierwszy mecz)Liverpool
78%
1983 (Drugi mecz)Lizbona
78%
2005Lizbona
78%
1990 (Pierwszy mecz)Turyn
78%
2014Turyn
78%
1977 (Pierwszy mecz)Turyn
78%
1993 (Drugi mecz)Turyn
78%
1992 (Pierwszy mecz)Turyn
78%
2013Amsterdam
75%
1981 (Drugi mecz)Amsterdam
75%
1992 (Drugi mecz)Amsterdam
75%
2021Gdańsk
75%
1996 (Pierwszy mecz)Monachium
75%
2022Sewilla
75%
2003Sewilla
75%
1983 (Pierwszy mecz)Bruksela
72%
1994 (PIerwszy mecz)Wiedeń
72%
2010Hamburg
69%
1982 (Drugi mecz)Hamburg
69%
2018'Lyon
66%
1989 (Pierwszy mecz)Neapol
66%
2002Rotterdam
66%
1974 (Drugi mecz)Rotterdam
66%
2017Sztokholm
66%
2001Dortmund
63%
1993 ( Pierwszy mecz)Dortmund
63%
1979 (Pierwszy mecz)Belgrad
53%
1977 (Drugi mecz)Bilbao
44%
1978 (Drugi mecz)Eindhoven
44%
2006Eindhoven
44%
1980 (Drugi mecz)Frankfurt
41%
2020Kolonia
41%
2019Baku
28%
1997 (PIerwszy mecz)Gelsenkirchen
25%
1987 (Pierwszy mecz)Göteborg
25%
2004Göteborg
25%
1982 (Pierwszy mecz)Göteborg
25%
1996 (Drugi mecz)Bordeaux
22%
1979 (Drugi mecz)Düsseldorf
19%
1975 (Pierwszy Mecz)Düsseldorf
19%
1988 (Drugi meczLeverkusen
16%
1995 (Pierwszy mecz)Parma
16%
1976 (Drugi mecz)Brugia
13%
2016Bazylea
6%
1985 (Pierwszy mecz)'Szekesfehervar
6%
1987 (Drugi mecz)Dundee
3%
1981 (Pierwszy mecz)Ipswich
3%
1973 (Drugi mecz)Mönchengladbach
3%
1980 (Pierwszy mecz)Mönchengladbach
3%
1984 (Pierwszy mecz)Anderlecht
0%
1990 (Drugi mecz)Avellino
0%
1975 (Drugi mecz)Enschede
0%
1978 (Pierwszy mecz)Furiani
0%
2000Østerbro
0%
1972 (Pierwszy mecz)Wolverhampton
0%

Rozkład punktacji

Percentyl według liczby udzielonych odpowiedzi

Procent ludzi z każdym wynikiem

Twoja historia wyników

Nie rozwiązałeś tego quizu od ostatniego zresetowania